Loading...
| History - European | 1 | 3 | 1 | 2 | 40 | 59 | 103.50 | 1 | 3 | 9.19 | 27.50 |
| History - World | 0 | 4 | 1 | 0 | 35 | 70 | 89.75 | 2 | 3 | 10.19 | 25.00 |
| History - American | 0 | 4 | 1 | 0 | 35 | 73 | 92.50 | 2 | 4 | 13.12 | 35.00 |
| Science - Chemistry | 1 | 2 | 2 | 0 | 25 | 9 | 79.00 | 1 | 3 | 11.91 | 20.00 |
| Geography | 1 | 1 | 0 | 0 | 25 | 62 | 78.50 | 0 | 2 | 26.35 | 41.67 |
| Fine Arts - Auditory | 0 | 2 | 0 | 0 | 20 | 83 | 102.00 | 1 | 2 | 5.42 | 17.50 |
| History - Other | 0 | 1 | 0 | 0 | 10 | 125 | 125.00 | 0 | 1 | 0.34 | 5.56 |
| Religion | 0 | 1 | 0 | 0 | 10 | 83 | 83.00 | 1 | 1 | 4.02 | 11.11 |
| Science - Biology | 0 | 2 | 2 | 1 | 10 | 97 | 101.50 | 0 | 2 | 2.32 | 10.00 |
| Fine Arts - Visual | 0 | 1 | 0 | 0 | 10 | 123 | 123.00 | 1 | 1 | 1.69 | 10.00 |
| Literature - British | 0 | 0 | 1 | 0 | -5 | 0.00 | 0 | 0 | 0.00 | 0.00 |